Géographie de l'Amérique du Nord par lettre - B - Statistiques

Statistiques générales
  • Ce quiz a été pris 275 fois
  • Le résultat moyen est 13 sur 20
Statistiques - réponses
Indice Réponse % Correct
Archipel qui a donné son nom à un mystérieux triangle Bermudes
95%
Sa capitale est Nassau Bahamas
88%
Seul pays d'Amérique centrale qui n'a pas l'espagnol pour langue officielle Belize
87%
Pays natal de la chanteuse Rihanna Barbade
85%
Lieu d'un tea party en 1773 Boston
84%
Celle d'Hudson est la 2e plus grande au monde Baie
82%
Malgré son nom, il n'y a pas de buffles près de cette ville dans l'état de New York Buffalo
82%
Avenue new-yorkaise célèbre pour ses théâtres Broadway
80%
Détroit entre l'Alaska et la Russie Béring
79%
Le quartier le plus pauvre de New York Bronx
79%
Île politiquement rattachée à Antigua Barbuda
77%
Fruit le plus cultivé en Amérique centrale Banane
75%
Capitale de la Louisiane Baton rouge
58%
Capitale du précédent Belmopan
58%
Plus grande ville de l'Alabama, homonyme d'une ville anglaise Birmingham
58%
Longue péninsule à l'ouest du Mexique Baja California
38%
2e plus grande ville des États-Unis en 1850 Baltimore
34%
Plus grande île du Canada Île de {Baffin}
23%
Plus ancien parc national canadien Banff
15%
Région physiographique rocheuse qui s'étend sur 90% du Québec {Bouclier} canadien
9%
Aucun quiz correspondant
Distribution des résultats
% des personnes avec chaque résultat
Percentile par nombre de réponses
Votre historique - résultats
Vous n’avez pas pris ce quiz